| 000 | 01756cam a2200277 i 4500 | ||
|---|---|---|---|
| 999 |
_c57965 _d57965 |
||
| 001 | 18165272 | ||
| 005 | 20221114121740.0 | ||
| 008 | 140527s2012 enk b 001 0 eng | ||
| 020 | _a9781137031235x | ||
| 041 | _aeng | ||
| 080 | _a327(4) Th-44 | ||
| 245 | 0 | 4 |
_aThe European neighbourhood policy in perspective : _bcontext, implementation and impact / _cedited by Richard G. Whitman, professor of politics, University of Kent, UK and Stefan Wolff, professor of international security, University of Birmingham, UK. |
| 264 | 1 |
_aBasingstoke, Hampshire : _bPalgrave Macmillan, _c[2012]. |
|
| 300 |
_a274 pages ; _c22 cm. |
||
| 490 | 0 | _aPalgrave studies in European Union politics | |
| 504 | _aIncludes bibliographical references and index. | ||
| 653 | _aThe European Neighbourhood Policy in Perspective : Context, Implementation and Impact | ||
| 653 | _aევროპული სამეზობლო პოლიტიკა პერსპექტივაში : კონტექსტი, განხორციელება და ზემოქმედება | ||
| 653 | _aЕвропейская политика добрососедства в перспективе : контекст, реализация и воздействие | ||
| 700 | 1 |
_aWhitman, Richard G., _eრედაქტორი _911217 |
|
| 700 | 1 |
_aWolff, Stefan, _d _eრედაქტორი _911218 |
|
| 856 | 4 | 2 |
_3Contributor biographical information _uhttps://www.loc.gov/catdir/enhancements/fy1610/2014397080-b.html |
| 856 | 4 | 2 |
_3Publisher description _uhttps://www.loc.gov/catdir/enhancements/fy1610/2014397080-d.html |
| 856 | 4 | 1 |
_3Table of contents only _uhttps://www.loc.gov/catdir/enhancements/fy1610/2014397080-t.html |
| 942 |
_2udc _cBK |
||